00385cam a22001097a 4500008004000000082001900040100002800059245009200087260003200179300001000211650005400221180718b1988 xxu||||| |||| 00| 0 eng d aA99 P272/Sh18v aShankardass, Rani Dhvan aVallabhbhai Patel: power and organisation in Indian politicscby Rani Dhvan Shankardass aDelhibOrient Longmanc1988 a325p. aPatel, Vallabhbhai - Criticism and interpretation